| 000 | 00663nam a22002057a 4500 | ||
|---|---|---|---|
| 999 |
_c11095 _d11095 |
||
| 003 | AR-CdUCM | ||
| 008 | 190402b ||||| |||| 00| 0 spa d | ||
| 040 |
_aMUNICIPALIDAD PROVINCIAL DEL CUSCO _cBIBLIOTECA MUNICIPAL DEL CUSCO |
||
| 082 |
_a342.2 / _bK82 / 1950 |
||
| 100 |
_aKrishnamurti _928254 |
||
| 245 | _aLa paz fundamenta /l | ||
| 260 |
_aBuenos Aires : _bKier, _c1950. |
||
| 300 |
_a251 paginas ; _c20 cm . |
||
| 505 | _aContenido : Conferencias pronunciadas en Adyar India -- Conferencias pronunciadas en Benares, India ,,, | ||
| 650 |
_aConferencias _9376 |
||
| 650 |
_aPaz _9757 |
||
| 650 |
_aIndia _92692 |
||
| 942 |
_2ddc _cLIBROS |
||
| 945 | _arah | ||